[Event "Muensterland Verbandsklasse-A 0809"]
[Site "Germany"]
[Date "2009.02.07"]
[Round "6.8"]
[White "Scharlow, Siegmar"]
[Black "Slowak, Hans"]
[Result "1-0"]
[WhiteElo "1773"]
[BlackElo "1323"]
[PlyCount "55"]
[EventDate "2008.09.13"]
[EventType "team-tourn"]
[EventRounds "9"]
[EventCountry "GER"]
[SourceTitle "EXT 2010"]
[Source "ChessBase"]
[SourceDate "2010.11.25"]
[SourceVersion "1"]
[SourceVersionDate "2010.11.25"]
[SourceQuality "1"]
[WhiteTeam "Nienberge"]
[BlackTeam "Gronau II"]
[WhiteTeamCountry "GER"]
[BlackTeamCountry "GER"]

1. d4 d5 2. c4 dxc4 3. e4 e6 4. Bxc4 a6 5. Nf3 h6 6. Nc3 b5 7. Bd3 Nf6 8. 0-0 Be7 9. Bf4 Bb7 10. Rc1 c6 11. Qd2 Nbd7 12. Rfe1 Nh5 13. d5 cxd5 14. exd5 Nxf4 15. Qxf4 0-0 16. dxe6 fxe6 17. Qg4 Rf6 18. Ne4 Bxe4 19. Rxe4 Nc5 20. Rd4 Qf8 21. Bb1 Rd8 22. Rxd8 Bxd8 23. b4 Rf4 24. Qg6 Nd7 25. Qh7+ Kf7 26. Rd1 Ke7 27. Qd3 Qe8 28. Qd6+ 1-0